000 00636nam a2200157 a 4500
008 061106s1975 ||||||||||||||||| || u
050 _aHD 5796 Pla
245 0 0 _aPlanning of manpower in the Soviet Union
_cShcerbovich-Vechor, S (translator)
260 _aMoscow
_bProgress Publishers
_c1975
300 _a147p.
350 _a0.00
650 0 _aECONOMICS
650 _aMANPOWER POLICY--SOVIET UNION
650 _aSOVIET UNION--ECONOMIC POLICY--1971-1975
995 _D0.00
_FCBU-MAIN LIBRARY (Kitwe)
_H1
_I0.00
_M1
_UWEEDED
_VJul 26, 2017
_WNov 6, 2006
_ZMain Library Open Access Collection
999 _c53716
_d53716